| 000 | 00969nam a22003377a 4500 | ||
|---|---|---|---|
| 001 | 052 | ||
| 003 | DO-SdBNP | ||
| 005 | 20180220115010.0 | ||
| 007 | 052 | ||
| 008 | 151005b 1992 sp a 00| 0 spa d | ||
| 020 | _a8434812444 | ||
| 040 |
_aBPMSU _bspa _cBPMSU |
||
| 092 |
_aXXXX _bXXXX |
||
| 100 | 1 | _aCañizo, José A. del | |
| 245 | 1 | 0 |
_aEl maestro y el robot / _cJosé A. del Cañizo ; ilustración Arcadio Lobato ; colección dirigida por Marinella Terzi |
| 250 | _a13a. ed. | ||
| 260 |
_aMadrid : _bEdiciones SM, _c1992. |
||
| 300 |
_a154 p. : _bil. ; _c19 cm. |
||
| 490 | 1 |
_aEl barco de vapor _v11 |
|
| 490 | 1 | _aRoja | |
| 521 | 1 | _aA partir de los 12 años | |
| 586 | _aPremio Literario de la Fundación Santa María | ||
| 700 | 1 | 2 |
_aLobato, Arcadio _eil. |
| 700 | 1 | 2 |
_aTerzi, Marinella _edir. |
| 830 | 0 |
_aBarco de vapor _n11 |
|
| 830 | 0 | _aRoja | |
| 910 | _a202 | ||
| 942 |
_2ddc _cBK |
||
| 945 | _aInventariado, 2018/ YL | ||
| 956 |
_aYLOCKWARD _b10 _cBPMSU |
||
| 999 |
_c8425 _d8425 |
||